| 000 | nam a22 a 4500 | ||
|---|---|---|---|
| 999 |
_c1143 _d1143 |
||
| 003 | AKMAL | ||
| 005 | 20170508143056.0 | ||
| 008 | 170508s1994 my 00 may d | ||
| 020 |
_a9839601512 (kkt) : _cRM6.80 |
||
| 040 | _aAKMAL | ||
| 082 | 0 | 4 |
_a297.3822 SUN _221 |
| 090 | 0 | 0 |
_a297.3822 _bSUN |
| 245 | 1 | 0 |
_aSunnah Rasulullah tentang solat / _csusunan Dr. Mahfuz Ibrahim Farj ; penterjemah Syahrin Nasution |
| 260 |
_aKuala Lumpur : _bDinie Publishers , _c1994 |
||
| 300 |
_axviii, 176ms. ; _c21cm. |
||
| 504 | _aBibliografi: ms.176 | ||
| 650 |
_aPrayer _xIslam _91518 |
||
| 700 | 0 |
_aSyharin Nasution _92338 |
|
| 700 | 1 |
_aFarj, Mahfuz Ibrahim _92339 |
|
| 942 |
_2ddc _cBOOK |
||